Medaliści Bundesligi - Tabela Medalowa - Statystyki

Ogólne statystyki
  • Ten quiz został rozwiązany 41 razy
  • Średni wynik to 14 z 23
Statystyki odpowiedzi
Odpowiedź 1. 2. 3 % Poprawnych
1 Bayern München 32 10 6
100%
2 Borussia Dortmund 5 9 7
100%
9 Bayer 04 Leverkusen 1 5 6
97%
3 B. Mönchengladbach 5 2 6
89%
14 FC Schalke 04 0 7 4
89%
5 Hamburger SV 3 5 2
83%
7 1. FC Köln 2 5 2
80%
15 RB Leipzig 0 2 3
80%
16 Hertha BSC 0 1 4
77%
10 VfL Wolfsburg 1 1 0
77%
6 VFB Stuttgart 3 3 3
74%
4 Werder Bremen 4 7 5
74%
19 Eintracht Frankfurt 0 0 5
63%
8 1. FC Kaiserslautern 2 1 2
51%
13 1. FC Nürnberg 1 0 0
49%
21 TSG 1899 Hoffenheim 0 0 1
49%
10 TSV 1860 München 1 1 0
46%
20 Fortuna Düsseldorf 0 0 2
43%
17 MSV Duisburg 0 1 0
29%
21 SC Freiburg 0 0 1
26%
12 Eintracht Braunschweig 1 0 1
20%
17 Alemannia Aachen 0 1 0
6%
21 KFC Uerdingen 05 0 0 1
3%
Nie znaleziono quizów pasujących do podanych kryteriów
Rozkład punktacji
Procent ludzi z każdym wynikiem
Percentyl według liczby udzielonych odpowiedzi
Twoja historia wyników
Nie rozwiązałeś tego quizu